"Duenas" and "doncellas" : a study of the "Dona Rodriguez" episode in "Don Quijote" /

Bibliographic Details
Main Author: Marianella, Conchita Herdman
Format: Book
Language:English
Series:North Carolina studies in the Romance languages and literatures ; no. 209.
Subjects:

MARC

Tag First Indicator Second Indicator Subfields
LEADER 00000pam a2200000 i 4500
001 in00000048651
005 20151007073558.0
008 790313s1979 ncu b s00010 eng
010 |a  79010353  
020 |a 0807892092 
035 |a (OCoLC)04804468 
035 |9 AAE9972AM 
040 |a DLC  |c DLC  |d TXA  |d UtOrBLW 
049 |a TXAM  |c [980580] 
050 0 0 |a PQ6353  |b .M36 
082 0 |a 863/.3 
090 |a PC13  |b .N67 no. 209 
100 1 |a Marianella, Conchita Herdman. 
245 1 0 |a "Duenas" and "doncellas" :  |b a study of the "Dona Rodriguez" episode in "Don Quijote" /  |c by Conchita Herdman Marianella. 
264 2 |a Chapel Hill :  |b U.N.C. Department of Romance Languages : [distributed by University of North Carolina Press],  |c 1979. 
300 |a 144 pages ;  |c 24 cm. 
336 |a text  |b txt  |2 rdacontent 
337 |a unmediated  |b n  |2 rdamedia 
338 |a volume  |b nc  |2 rdacarrier 
490 1 |a North Carolina studies in the Romance languages and literatures ;  |v no. 209 
504 |a Bibliography: pages [141]-144. 
600 1 0 |a Cervantes Saavedra, Miguel de,  |d 1547-1616.  |t Don Quixote. 
600 1 0 |a Cervantes Saavedra, Miguel de,  |d 1547-1616  |x Characters  |x Women. 
600 1 0 |a Cervantes Saavedra, Miguel de,  |d 1547-1616  |x Characters  |x Dona Rodriguez. 
650 0 |a Women in literature. 
830 0 |a North Carolina studies in the Romance languages and literatures ;  |v no. 209. 
999 |a MARS 
999 f f |s 5fa6d7a5-a78a-375c-a6f1-547c9bce5c70  |i d2285337-c500-3179-b2f3-f526e9a7e9f3  |t 0 
952 f f |p ric  |a Texas A&M University  |b Rellis Campus  |c Joint Library Facility  |s JLF  |d Remote Storage  |t 0  |e PC13 .N67 no.209  |h Library of Congress classification  |i unmediated -- volume  |m A14803562456 
998 f f |a PC13 .N67 no.209  |t 0  |l Remote Storage